| 000 | 00371nam a22001457a 4500 | ||
|---|---|---|---|
| 005 | 20260313114511.0 | ||
| 008 | 260313b |||||||| |||| 00| 0 eng d | ||
| 082 |
_a891 _bBHI. |
||
| 100 |
_aBhishikar S. _9217146 |
||
| 245 | _aDevchaphe | ||
| 260 |
_aPune _bShree J Printers PV. Ltd. |
||
| 300 |
_a100p _bPB _c21.5 x 13.5 cm |
||
| 365 |
_aINR _b1.00 _cRupaye |
||
| 942 | _cDB | ||
| 999 |
_c370724 _d370724 |
||